000 00590nam a2200181 a 4500
001 ASIN0070095000
005 20150420142801.0
008 150420s1974 xxu eng d
020 _a0070095000 (hardcover)
_c$73.85
020 _a9780070095007 (hardcover)
100 1 _aByers, Horace Robert.
245 1 0 _aGeneral meteorology /
_cHorace Robert Byers.
250 _a4th ed.
260 _a[S.l.] :
_bMcgraw-Hill College,
_c1974.
300 _a416 p. ;
_c24 cm.
520 _aNatural sciences.
856 4 0 _3Amazon.com
_uhttp://www.amazon.com/exec/obidos/ASIN/0070095000/chopaconline-20
999 _c13149
_d13149